| 000 | 00348nam a2200133 a 4500 | ||
|---|---|---|---|
| 005 | 20141022141959.0 | ||
| 008 | 120306s19uu xx 00 eng d | ||
| 050 |
_aCD _bM46 2004 |
||
| 100 | _aMeade, Tom | ||
| 245 |
_aMaya 6 : _bthe complete reference / _cTom Meade, Shinsaku Arima. |
||
| 260 | _c2004. | ||
| 700 | _aArima, Shinsaku | ||
| 942 | _cAVM | ||
| 999 |
_c276130 _d276130 |
||